<?xml version="1.0" encoding="UTF-8"?>
<collection xmlns="http://www.loc.gov/MARC21/slim">
 <record>
  <leader>04932ntm a22005417i 4500</leader>
  <controlfield tag="001">000725197</controlfield>
  <controlfield tag="003">CZ-PrVSE</controlfield>
  <controlfield tag="005">20251207104409.0</controlfield>
  <controlfield tag="006">m        d</controlfield>
  <controlfield tag="007">cr n||||||||||</controlfield>
  <controlfield tag="008">251207s2025    xr     fsbm   000 0 eng d</controlfield>
  <datafield tag="STA" ind1=" " ind2=" ">
   <subfield code="a">NEZPRACOVANÝ IMPORT</subfield>
  </datafield>
  <datafield tag="040" ind1=" " ind2=" ">
   <subfield code="a">ABA006</subfield>
   <subfield code="b">cze</subfield>
   <subfield code="c">ABA006</subfield>
   <subfield code="d">ABA006</subfield>
   <subfield code="e">rda</subfield>
  </datafield>
  <datafield tag="100" ind1="1" ind2=" ">
   <subfield code="a">Shakeel, Zarafshan</subfield>
   <subfield code="%">ISIS:180245</subfield>
   <subfield code="4">dis</subfield>
  </datafield>
  <datafield tag="242" ind1="1" ind2="0">
   <subfield code="a">Důsledky umělé inteligence v oblasti správy informací</subfield>
   <subfield code="y">eng</subfield>
  </datafield>
  <datafield tag="245" ind1="1" ind2="0">
   <subfield code="a">Implications of AI in Information Management /</subfield>
   <subfield code="c">Zarafshan Shakeel</subfield>
  </datafield>
  <datafield tag="264" ind1=" " ind2="0">
   <subfield code="c">2025</subfield>
  </datafield>
  <datafield tag="300" ind1=" " ind2=" ">
   <subfield code="a">?? stran :</subfield>
   <subfield code="3">digital, PDF soubor</subfield>
  </datafield>
  <datafield tag="500" ind1=" " ind2=" ">
   <subfield code="a">Vedoucí práce: Antonín Pavlíček</subfield>
  </datafield>
  <datafield tag="502" ind1=" " ind2=" ">
   <subfield code="a">Diplomová práce (Ing.)—Vysoká škola ekonomická v Praze. Fakulta informatiky a statistiky,</subfield>
  </datafield>
  <datafield tag="504" ind1=" " ind2=" ">
   <subfield code="a">Obsahuje bibliografii</subfield>
  </datafield>
  <datafield tag="516" ind1=" " ind2=" ">
   <subfield code="a">Textový (vysokoškolská kvalifikační práce)</subfield>
  </datafield>
  <datafield tag="518" ind1=" " ind2=" ">
   <subfield code="a">Rok obhajoby</subfield>
  </datafield>
  <datafield tag="520" ind1="3" ind2=" ">
   <subfield code="a">This thesis is an inquiry into the ethical dilemmas of artificial intelligence (AI) in information management, where AI adoption in systems is occurring amid increasingly complex ethical, technological, and regulatory issues. A mixed-methods research design was used, combining 20 professionals' qualitative interviews with a large-scale survey to provide a clearer view of AI acceptance than the interviews alone. A research paper indicated that it is necessary to understand the extent to which ethical principles such as transparency, fairness, accountability, explainability, and data privacy can be upheld in an automated, algorithmic decision-making world that is gradually taking over. The thematic analysis of interview data produced six main themes: (1) AI-assisted efficiency and decision making support; this theme was represented by processing workflow and data-driven insights; (2) the need of human supervision where it was pointed out that AI cannot take the place of the professional's judgment; (3) XAI as the fundamental criterion for establishing trust and accountability; (4) data privacy and governance risks, especially concerning the GDPR compliance, consent, data leakage, and unauthorized access; (5) trustworthiness and risk reduction with the following dangers considered: biased datasets, hallucinations, opaque model behavior and system vulnerabilities; and (6) organizational preparedness including skill deficits, training requirements and structural readiness for the responsible AI deployment. The quantitative results confirmed these themes and showed that the areas of concern overlapped with issues of transparency, data security, model fairness, and the absence of transparent internal AI governance, all of which were deemed the most serious.</subfield>
  </datafield>
  <datafield tag="520" ind1="8" ind2=" ">
   <subfield code="a">The study relying on these insights puts forward an all-inclusive Ethical AI Governance Framework for Information Management that combines technical protective measures (like encryption, anonymization, explainability techniques, continuous monitoring, and role-based access controls) with measures of the organization (policy development, employee training, accountability structures, and ethical review processes). Moreover, the framework is in accordance with GDPR requirements and forthcoming EU AI regulations, thereby ensuring that the proposed practices comply with both ethical and legal standards. In general, the research concluded that AI had a major impact on information management, but it also raised an ethical issue that needed to be handled via a combination of technological solutions, clear governance mechanisms, human supervision, and ongoing professional training that is ongoing. These conclusions provide very practical advice for different groups (like organizations, researchers, and policymakers) that are trying to make sure that AI use in information-heavy environments is responsible, transparent, and secure.</subfield>
  </datafield>
  <datafield tag="538" ind1=" " ind2=" ">
   <subfield code="a">Způsob přístupu: Internet</subfield>
  </datafield>
  <datafield tag="653" ind1="0" ind2=" ">
   <subfield code="a">management of business informatics [obor dipl. práce]</subfield>
  </datafield>
  <datafield tag="655" ind1=" " ind2="7">
   <subfield code="a">diplomové práce</subfield>
   <subfield code="7">fd132022</subfield>
   <subfield code="2">czenas</subfield>
  </datafield>
  <datafield tag="655" ind1=" " ind2="9">
   <subfield code="a">master's theses</subfield>
   <subfield code="2">eczenas</subfield>
  </datafield>
  <datafield tag="690" ind1=" " ind2=" ">
   <subfield code="a">Artificial Intelligence (AI)</subfield>
  </datafield>
  <datafield tag="690" ind1=" " ind2=" ">
   <subfield code="a">Information Management</subfield>
  </datafield>
  <datafield tag="690" ind1=" " ind2=" ">
   <subfield code="a">Ethical Implications</subfield>
  </datafield>
  <datafield tag="690" ind1=" " ind2=" ">
   <subfield code="a">Explainable AI (XAI)</subfield>
  </datafield>
  <datafield tag="690" ind1=" " ind2=" ">
   <subfield code="a">Data Privacy</subfield>
  </datafield>
  <datafield tag="690" ind1=" " ind2=" ">
   <subfield code="a">AI Governance</subfield>
  </datafield>
  <datafield tag="690" ind1=" " ind2=" ">
   <subfield code="a">Algorithmic Bias</subfield>
  </datafield>
  <datafield tag="700" ind1="1" ind2=" ">
   <subfield code="a">Pavlíček, Antonín,</subfield>
   <subfield code="d">1977-</subfield>
   <subfield code="7">vse2008429995</subfield>
   <subfield code="4">ths</subfield>
  </datafield>
  <datafield tag="700" ind1="1" ind2=" ">
   <subfield code="a">Sudzina, František</subfield>
   <subfield code="%">ISIS:137922</subfield>
   <subfield code="4">opn</subfield>
  </datafield>
  <datafield tag="710" ind1="2" ind2=" ">
   <subfield code="a">Vysoká škola ekonomická v Praze.</subfield>
   <subfield code="b">Fakulta informatiky a statistiky</subfield>
   <subfield code="7">kn20010709399</subfield>
   <subfield code="4">dgg</subfield>
  </datafield>
  <datafield tag="856" ind1="4" ind2="0">
   <subfield code="u">https://insis.vse.cz/zp/89961/podrobnosti</subfield>
   <subfield code="y">VŠKP v InSIS</subfield>
  </datafield>
  <datafield tag="856" ind1="4" ind2="0">
   <subfield code="u">https://insis.vse.cz/zp/89961</subfield>
   <subfield code="y">Hlavní práce</subfield>
  </datafield>
  <datafield tag="856" ind1="4" ind2="0">
   <subfield code="u">https://insis.vse.cz/zp/89961/priloha/32879</subfield>
   <subfield code="y">Přiloha k práci</subfield>
  </datafield>
  <datafield tag="999" ind1="4" ind2="0">
   <subfield code="u">https://insis.vse.cz/zp/89961/podrobnosti</subfield>
   <subfield code="y">dc:identifier</subfield>
  </datafield>
  <datafield tag="993" ind1=" " ind2=" ">
   <subfield code="x">NEPOSILAT</subfield>
   <subfield code="y">VSKP</subfield>
  </datafield>
  <datafield tag="999" ind1="4" ind2="9">
   <subfield code="a">vse89961</subfield>
   <subfield code="b">251202</subfield>
  </datafield>
  <datafield tag="999" ind1="4" ind2="5">
   <subfield code="x">89961</subfield>
  </datafield>
 </record>
</collection>
